00846nam a2200253 a 450000100060000000300080000600500170001400800410003103500190007204000230009104100080011408200180012210000380014024500670017825000250024526000350027030000250030535000190033050400300034965000310037994200120041099900170042295201530043945925BD-RjUL20211209054102.0160728s1968 ii b 001 0 eng  a(BD-RjUL)46043 aDLCcDLCdDLCbeng aeng00a341bMUN 19681 aMukherjee, Subimal Kumar.914044512aA new outlook for international law /cSubimal Kumar Mukherjee a2d rev. and enl. ed. aCalcutta :bWorld Press,c1968 axx, 472 p. ;c23 cm. a20.00a($6.00) aBibliography: p. 461-467. 0aInternational law.9140446 2ddccBK c45925d45925 00102ddc40708NFICaRUCLbRUCLcStackd1976-06-28eEureka book Agency, Rajshahig50.00l0o341 MUN 1968r2016-07-28 00:00:00tC-2w2016-07-28yBK